Flags by Food - Statistics

General Stats
  • This quiz has been taken 382 times
    103 since last reset
  • The average score is 14 of 18
Answer Stats
Picture Answer % Correct
Italy
100%
United States
98%
United Kingdom
96%
Brazil
94%
South Korea
88%
Spain
88%
France
83%
Switzerland
83%
Japan
81%
Australia
77%
Turkey
73%
India
71%
China
67%
Vietnam
65%
Thailand
60%
Greece
58%
Lebanon
56%
Indonesia
46%
No matching quizzes found
Score Distribution
Percent of People with Each Score
Percentile by Number Answered
Your Score History
You have not taken this quiz since the last reset